000 00288nam a22001217a 4500
999 _c13776
_d13776
020 _a9698373020
082 _a332
100 _aIqbal S. Hussaain
245 _aTerrorism in Action (Why blame Islam)
260 _aLahore
_bHumanity International
_c2003
300 _a382 pages
942 _cBK